Edge Computational Intelligence for AI-Enabled IoT Systems (Record no. 29337)

MARC details
000 -LEADER
fixed length control field 00610nam a2200181Ia 4500
020 ## - INTERNATIONAL STANDARD BOOK NUMBER
ISBN 9781032650692
050 ## - CALL MARK
Classification number TK 5105.8857 .E34/
100 ## - STATEMENT OF RESPONSIBILITY--MAIN AUTHOR NAME
Personal name Edited by Shrikaant Kulkarni et.al.
245 #0 - TITLE STATEMENT
Title Edge Computational Intelligence for AI-Enabled IoT Systems
260 ## - PUBLICATION, DISTRIBUTION, ETC. (IMPRINT)
Place of publication Boca Raton
260 ## - PUBLICATION, DISTRIBUTION, ETC. (IMPRINT)
Name of publisher CRC Press
260 ## - PUBLICATION, DISTRIBUTION, ETC. (IMPRINT)
Year of publication 2024
300 ## - PHYSICAL DESCRIPTION
Number of Pages 327 p
650 ## - SUBJECT ADDED ENTRY--TOPICAL TERM
Topical Term Edge computing Internet of things Artificial intelligence Machine learning Computational intelligence Smart devices—Data processing Cloud computing
942 ## - ADDED ENTRY ELEMENTS (KOHA)
Koha item type Books
Holdings
Withdrawn status Lost status Source of classification or shelving scheme Damaged status Not for loan Permanent Location Current Location Date acquired Accession Number Price effective from Koha item type
    Library of Congress Classification     NILE UNIVERSITY OF NIGERIA - MAIN LIBRARY NILE UNIVERSITY OF NIGERIA - MAIN LIBRARY 04/23/2025 0197940 04/23/2025 Books